| 000 | 00558nam a22002057a 4500 | ||
|---|---|---|---|
| 003 | OSt | ||
| 005 | 20140310181731.0 | ||
| 008 | 130313t xxu||||| |||| 00| 0 eng d | ||
| 020 | _a971062489x | ||
| 050 |
_aQC 21.2 _b.P162 2004 |
||
| 082 |
_aFIL 530 _bP18 2004 |
||
| 100 | _aPalima, Darwin Z. | ||
| 245 |
_aPhysics / _cDarwin Z. Palima; Maria Donna B. Ines. |
||
| 260 |
_aQuezon City, Philippines : _bPhoenix Publishing House, _cc2004. |
||
| 300 |
_axi, 537 p. : _c26 cm. _bill. ; |
||
| 562 | _e2 | ||
| 942 |
_2lcc _cBK |
||
| 999 |
_c2409 _d2409 |
||